Vedľajšie vety v nemeckých odborných ekonomických textoch Prípustkové a účinkové vety

Syntaktická analýza a popis prípustkových a účinkových viet v nemeckých ekonomických textoch.

Salvato in:
Dettagli Bibliografici
Autore principale: Flochová, Eleonóra
Natura: Capitolo di libro
Lingua:slovacco
Soggetti:
Tags: Aggiungi Tag
Nessun Tag, puoi essere il primo ad aggiungerne!!

MARC

LEADER 00000naa a2200000 4500
001 0206644
005 20240502073431.0
041 0 |a slo 
044 |a SK 
245 1 0 |a Vedľajšie vety v nemeckých odborných ekonomických textoch Prípustkové a účinkové vety  |c Eleonóra Flochová 
520 |a Syntaktická analýza a popis prípustkových a účinkových viet v nemeckých ekonomických textoch. 
610 2 0 |a nemčina 
610 2 0 |a jazyky cudzie 
610 2 0 |a slovotvorba 
610 2 0 |a jazykoveda 
100 1 |a Flochová, Eleonóra